[Event "Fyli op 2nd"]
[Site "Fyli"]
[Date "2011.05.20"]
[Round "5"]
[White "Spiropoulos, Panagiotis S"]
[Black "Harokopos, Hristos"]
[Result "0-1"]
[WhiteElo "1733"]
[BlackElo "1580"]
[PlyCount "208"]
[EventDate "2011.04.15"]
[EventType "swiss"]
[EventRounds "7"]
[EventCountry "GRE"]
[SourceTitle "EXT 2013"]
[Source "ChessBase"]
[SourceDate "2012.11.22"]
[SourceVersion "1"]
[SourceVersionDate "2012.11.22"]
[SourceQuality "1"]

1. e4 c6 2. f4 d5 3. Nc3 dxe4 4. Nxe4 Nf6 5. Nf2 Qc7 6. d4 Bf5 7. Bd3 Bxd3 8. Qxd3 e6 9. Nf3 Bd6 10. g3 Nbd7 11. c3 h6 12. Bd2 c5 13. 0-0 0-0 14. Ne5 cxd4 15. cxd4 Nd5 16. a3 N7f6 17. Rac1 Qe7 18. Rc2 Rfc8 19. Rfc1 Rxc2 20. Rxc2 Nb6 21. Ne4 Nxe4 22. Qxe4 Rc8 23. Rxc8+ Nxc8 24. f5 Bxe5 25. dxe5 exf5 26. Qxf5 Qc5+ 27. Kf1 Qc6 28. Ke2 Ne7 29. Qd3 Nd5 30. Qd4 a6 31. b4 Qe6 32. Kd3 b5 33. Ke4 Nf6+ 34. Kd3 Nd7 35. Bc3 Kh7 36. Qd6 Nb6 37. Qxe6 fxe6 38. Kd4 Nd7 39. a4 Kg6 40. axb5 axb5 41. Ke4 Kg5 42. h3 h5 43. Bd4 Kg6 44. Be3 Kf7 45. Bg5 g6 46. Bd8 Ke8 47. Bc7 Kf7 48. Kf4 Nf8 49. Kg5 Nh7+ 50. Kh6 Nf8 51. Bd6 Nd7 52. Kg5 Nb6 53. Kf4 Nd7 54. Bc7 Nf8 55. Bb6 Nd7 56. Be3 Nb8 57. Ke4 Nd7 58. Kd4 Kg7 59. Bg5 Kh7 60. Bf6 Kh6 61. h4 Kh7 62. Ke3 Kg8 63. Ke4 Kf7 64. Kd4 Kg8 65. Be7 Kg7 66. Bd8 Kh6 67. Ke4 Kg7 68. Bg5 Nb6 69. Kf3 Nd5 70. Bd2 Nb6 71. g4 hxg4+ 72. Kxg4 Nc4 73. Bc3 Nb6 74. Bd4 Nd7 75. Kg5 Kh7 76. Bc5 Kg7 77. h5 gxh5 78. Kxh5 Nb8 79. Kg5 Kf7 80. Kh6 Nd7 81. Bd6 Nb6 82. Kg5 Nd5 83. Kg4 Kg6 84. Kf3 Kf5 85. Ke2 Ke4 86. Kf2 Kd4 87. Kf3 Kc4 88. Ke2 Nxb4 89. Kd2 Nc6 90. Kc2 Kd5 91. Kc3 Nxe5 92. Bf8 Nc6 93. Bg7 e5 94. Bf8 e4 95. Bh6 b4+ 96. Kc2 Kc4 97. Bd2 Nd4+ 98. Kb2 Nc6 99. Kc2 Kd4 100. Bh6 e3 101. Kd1 Kd3 102. Bg7 b3 103. Bf6 Nb4 104. Bh4 b2 0-1

[Event "Fyli op 2nd"]
[Site "Fyli"]
[Date "2011.04.29"]
[Round "2"]
[White "Zivas, Konstantinos"]
[Black "Spiropoulos, Panagiotis S"]
[Result "0-1"]
[WhiteElo "1000"]
[BlackElo "1733"]
[PlyCount "82"]
[EventDate "2011.04.15"]
[EventType "swiss"]
[EventRounds "7"]
[EventCountry "GRE"]
[SourceTitle "EXT 2013"]
[Source "ChessBase"]
[SourceDate "2012.11.22"]
[SourceVersion "1"]
[SourceVersionDate "2012.11.22"]
[SourceQuality "1"]

1. e4 e5 2. Nf3 Nf6 3. Nc3 Nc6 4. Bc4 Nxe4 5. Nxe4 d5 6. Bxd5 Qxd5 7. Nc3 Qa5 8. a3 Bg4 9. d3 Be7 10. Bd2 Nd4 11. b4 Qa6 12. Nd5 Bd6 13. c3 Nxf3+ 14. gxf3 Bh5 15. Qe2 0-0 16. d4 Qc6 17. c4 exd4 18. 0-0 Rfe8 19. Qd3 Be5 20. f4 Bf6 21. Rfe1 Qd6 22. Re4 Bh4 23. Rxe8+ Rxe8 24. Re1 Rxe1+ 25. Bxe1 Qe6 26. Bd2 c6 27. f5 Qe2 28. Qxe2 Bxe2 29. Nf4 Bxc4 30. Kg2 Bd8 31. Kf3 b6 32. Ke4 c5 33. Nd5 Kf8 34. Ke5 Ke8 35. bxc5 bxc5 36. Kd6 Bxd5 37. Kxd5 Bb6 38. a4 Ke7 39. a5 Bc7 40. Kxc5 Bxh2 41. Kxd4 h6 0-1